000 01287nam a22002297a 4500
003 NALT
005 20240724233241.0
008 s2552 th tha d
040 _aNALT
041 _atha
050 _aT 174.3 ส241ค 2552
100 0 _aทิพย์สุรางค์ วาทิตต์พันธุ์
245 1 0 _aโครงการปัญหาการถ่ายทอดเทคโนโลยีภายใต้อนุสัญญาว่าด้วยความหลากหลายทางชีวภาพ
260 3 _aกรุงเทพฯ :
_bสำนักงานกองทุนสนับสนุนการวิจัย,
_c2552
300 _a242 หน้า ;
_b 29 ซม.
650 0 4 _aการถ่ายทอดเทคโนโลยี -- แง่กฎหมาย -- วิจัย
650 0 4 _aความหลากหลายทางชีวภาพ (อนุสัญญา) -- วิจัย
650 0 4 _aการถ่ายทอดเทคโนโลยี -- วิจัย
850 _aNALT
942 _cRSH
_2lcc
998 _bชวนพิชญ์ รัตนาไพบูลย์
_j1020
_k จำเรียง ระวังสำโรง
999 _c61409
_d61409